000 00291nam a22001337a 4500
008 170608b xxu||||| |||| 00| 0 eng d
020 _a9781878379399
041 _aeng
080 _a94(6)
100 _a18
101 _aSHH
245 _aBARGAINING FOR PEACE
_cGASTROW,P
942 _2udc
_cBK
999 _c16568
_d16568